Minicomputers: Uses and methods of evaluation (Record no. 36923)

MARC details
000 -LEADER
fixed length control field 00297nam a2200109Ia 4500
082 ## - DEWEY DECIMAL CLASSIFICATION NUMBER
Classification number 681.31
Item number SLA
245 #0 - TITLE STATEMENT
Title Minicomputers: Uses and methods of evaluation
260 ## - PUBLICATION, DISTRIBUTION, ETC. (IMPRINT)
Place of publication New York
Name of publisher Alexander Hamilton
Year of publication 1980
700 ## - ADDED ENTRY--PERSONAL NAME
Personal name Slay, Joseph
942 ## - ADDED ENTRY ELEMENTS (KOHA)
Koha item type Books
Holdings
Withdrawn status Lost status Damaged status Not for loan Home library Current library Date acquired Cost, normal purchase price Full call number Accession Number Koha item type
        RRII Library RRII Library 16/12/2021 73.75 681.31 SLA 17320 Books